000 00365nam a2200121Ia 4500
008 151001s9999||||xx |||||||||||||| ||und||
100 _aराम मनोहर लोहिया
245 _aललित लेणी
250 _a1
260 _bप्रेस्टीज पब्लिकेशन पुणे
300 _a144
365 _b21
999 _c973708
_d973705